000 00726nam a2200217Ia 4500
003 GCL
008 140319s9999 xx 000 0 ara d
040 _aGCL /
_cGCL
082 0 4 _a920
_bهـ م
100 1 _aالهيئة المصرية العامة للكتاب
245 1 0 _aالمثقفون حراس المسيرة الوطنية /
_cالهيئة المصرية العامة للكتاب
260 _a[S.N] :
_bالهيئة المصرية العامة للكتاب ،
_c1986
300 _a170 ص
490 _a
650 0 4 _aالادباء
650 0 4 _aالفنانون
650 0 4 _aالاحوال الثقافية
650 0 4 _aالمثقفون
650 0 4 _aالثقافة المصرية
942 _2ddc
_cBK
999 _c30892
_d30892